Doğu sorunu teşhisler ve tespitler / (Kayıt no. 10246)

MARC ayrıntıları
000 -BAŞLIK
Sabit Uzunluktaki Kontrol Alanı 00905nam a22002537a 4500
003 - KONTROL NUMARASI KİMLİĞİ
Kontrol Alanı KOHA_MİRAKIL
005 - EN SON İŞLEM TARİHİ ve ZAMANI
Kontrol Alanı 20260415082502.0
008 - SABİT UZUNLUKTAKİ VERİ ÖGELERİ - GENEL BİLGİ
Sabit Alan 260415b tu ||||| |||| 00| 0 tur d
020 ## - ISBN - ULUSLARARASI STANDART KİTAP NUMARASI
Isbn 9755121986
040 ## - KATALOGLAMA KAYNAĞI
Özgün Kataloglama Kurumu TR-AnABB
Kataloglama Dili tur
Çeviri Kurumu TR-AnABB
041 ## - DİL KODU
Metin ya da ses kaydının dil kodu tur
082 ## - DEWEY ONU SINIFLAMA SİSTEMİ
Sınıflama Numarası 321.8
Cutter numarası ERG 1995
100 1# - KİŞİ ADI
Yazar Adı (Kişi adı) Ergil, Doğu
245 10 - ESER ADI BİLDİRİMİ
Başlık Doğu sorunu teşhisler ve tespitler /
Sorumluluk Bildirimi Doğu Ergil
260 ## - YAYIN, DAĞITIM, VB.
Yayın Yeri Ankara :
Yayınevi TOBB,
Yayın Tarihi 1995
300 ## - FİZİKSEL TANIMLAMA
Sayfa, Cilt vb. 178 sayfa ;
Boyutları 25 cm
490 0# - DİZİ BİLDİRİMİ
Dizi Bildirimi TOBB Genel Yayın ;
Cilt Numarası No: 302
490 0# - DİZİ BİLDİRİMİ
Dizi Bildirimi Stratejik araştırmalar dizisi ;
Cilt Numarası 1
500 ## - GENEL NOT
Genel Not Kitap içerisinde Prof. Dr. Ruşen Keleş tarafından satır altı çizimleri ve vurgular mevcuttur.
500 ## - GENEL NOT
Genel Not Kitap içerisinde Prof. Dr. Ruşen Keleş'e ait konuyla ilgili çalışma notları yer almaktadır.
650 04 - KONU BAŞLIĞI EK GİRİŞ - KONU TERİMİ
Konusal terim veya coğrafi ad Demokrasi, Tarih ve Kuram
900 ## - YEREL BİLGİ
Kontrol Can ÇELIK
942 ## - EK GİRİŞ ÖGELERİ (KOHA)
Sınıflama Kaynağı Dewey Decimal Classification
Materyal Türü Kitap
Mevcut
Geri Çekilme Durumu Kayıp Durumu Sınıflandırma Kaynağı Kredi için değil Kalıcı Konum Mevcut Konum Kayıt Tarih Toplam Ödünçverme Yer Numarası Demirbaş Numarası Son Görülme Tarihi Fatura Tarihi Materyal Türü
    Dewey Decimal Classification   Prof. Dr. Ruşen Keleş Kütüphanesi Prof. Dr. Ruşen Keleş Kütüphanesi 15/04/2026   321.8 ERG 1995 RK7087 15/04/2026 15/04/2026 Kitap